Tourism the cultural heritage / (Record no. 134407)
[ view plain ]
| 000 -LEADER | |
|---|---|
| fixed length control field | 00707nam a22002297a 4500 |
| 005 - DATE AND TIME OF LATEST TRANSACTION | |
| control field | 20170124110225.0 |
| 010 ## - LIBRARY OF CONGRESS CONTROL NUMBER | |
| LC control number | B-158366 |
| 020 ## - INTERNATIONAL STANDARD BOOK NUMBER | |
| International Standard Book Number | 9788189557140 |
| Terms of availability | 795.00 |
| 035 ## - SYSTEM CONTROL NUMBER | |
| System control number | B-158366 |
| 037 ## - SOURCE OF ACQUISITION | |
| Source of stock number/acquisition | Cen Lib/Ret |
| 040 ## - CATALOGING SOURCE | |
| Original cataloging agency | DPL |
| Language of cataloging | EN |
| 082 ## - DEWEY DECIMAL CLASSIFICATION NUMBER | |
| Classification number | 915.4 |
| Item number | TOU |
| 245 ## - TITLE STATEMENT | |
| Title | Tourism the cultural heritage / |
| Statement of responsibility, etc | edited by Romila Chawla |
| 260 ## - PUBLICATION, DISTRIBUTION, ETC. (IMPRINT) | |
| Place of publication, distribution, etc | New Delhi |
| Name of publisher, distributor, etc | Arise Publishers |
| Date of publication, distribution, etc | 2006 |
| 270 ## - ADDRESS | |
| Address | 4648/1,21, Ansari Road Darya Ganj |
| City | New Delhi |
| Postal code | 110002 |
| 300 ## - PHYSICAL DESCRIPTION | |
| Extent | 336p. |
| Dimensions | 21cm(Hb) |
| 500 ## - GENERAL NOTE | |
| General note | Includes bibliographical reference |
| 650 ## - SUBJECT ADDED ENTRY--TOPICAL TERM | |
| Topical term or geographic name as entry element | Tourism |
| 9 (RLIN) | 112603 |
| 650 ## - SUBJECT ADDED ENTRY--TOPICAL TERM | |
| Topical term or geographic name as entry element | India--Cultural property |
| 9 (RLIN) | 40644 |
| 700 ## - ADDED ENTRY--PERSONAL NAME | |
| Personal name | Chawla, Romila |
| 9 (RLIN) | 10555 |
| 942 ## - ADDED ENTRY ELEMENTS (KOHA) | |
| Source of classification or shelving scheme | Dewey Decimal Classification |
| Koha item type | English Books |
| Classification part | 915.4 |
| Call number suffix | TOU |
| Withdrawn status | Lost status | Damaged status | Not for loan | Collection code | Home library | Current library | Date acquired | Source of acquisition | Cost, normal purchase price | Total Checkouts | Full call number | Barcode | Date last seen | Copy number | Cost, replacement price | Price effective from | Koha item type | Source of classification or shelving scheme |
|---|---|---|---|---|---|---|---|---|---|---|---|---|---|---|---|---|---|---|
| Not For Loan | Reference | Central Library | Central Library | 30/07/2015 | Cen Lib/Ret | 795.00 | 915.4 TOU | B-158366 | 30/07/2015 | 1 | 795.00 | 30/07/2015 | English Books | |||||
| Not For Loan | Reference | Central Library | Central Library | 20/10/2016 | 795.00 | 915.4 TOU | B-158365 | 20/10/2016 | 2 | 795.00 | 20/10/2016 | English Books | Dewey Decimal Classification | |||||
| Non-fiction | Sarojini Nagar | Sarojini Nagar | 21/05/2019 | 915.4 TOU | B-158368 | 21/05/2019 | 21/05/2019 | English Books | Dewey Decimal Classification |
